000 00471nam a2200169Ia 4500
008 240729s9999 xx 000 0 und d
022 _a2196-2804
245 0 _aInternational Journal of Food Contamination
260 _aUnited Kingdom
260 _bBMC
650 _a Chemical technology
650 _a Food processing and manufacture
650 _aTechnology
856 _uhttps://doaj.org/toc/7a689865e9854aa483dac400e789b541
942 _2ddc
942 _cDOAJEJ
999 _c69562
_d69562
945 _a1
_bMadushi Gamage
_c1
_dMadushi Gamage